| 000 | 00433 a2200157 4500 | ||
|---|---|---|---|
| 999 |
_c3241 _d3241 |
||
| 020 | _a9781847034021 | ||
| 050 | _aKF661 BOY 2008 | ||
| 100 |
_aKemp, Jo Boylan _eauthor |
||
| 245 |
_aEnglish legal system: _bthe fundamentals / _cJo Boylan- Kemp |
||
| 250 | _a1st ed | ||
| 264 |
_aLondon : _bSweet and Maxwell. _c2008 |
||
| 300 | _a420p.: | ||
| 500 | _aincludes index | ||
| 650 | _aEnglish legal system. | ||
| 942 |
_2lcc _cBK _h661 _iBOY _kKF |
||